| 000 | 00690nam a2200229Ia 4500 | ||
|---|---|---|---|
| 008 | 241004s9999 xx 000 0 und d | ||
| 020 | _a9780367181017 | ||
| 037 | _aTextbook | ||
| 040 |
_aARTS _beng _cARTS |
||
| 041 |
_aeng _2eng |
||
| 084 |
_aS:86 R1 _qARTS |
||
| 100 |
_aDavey Graham Ed.; Lake Nick Ed.; Whittington Adrian Ed. _9724603 |
||
| 245 |
_aClinical psychology _cDavey Graham Ed.; Lake Nick Ed.; Whittington Adrian Ed. |
||
| 250 | _a3rd | ||
| 260 |
_aUK _b Routledge _c2021 |
||
| 300 | _axii,346p. | ||
| 365 |
_aUKP _b38.99 |
||
| 490 | _aTopics in applied psychology series | ||
| 650 | _aPsychology | ||
| 942 |
_cTB _hS:86 R1 |
||
| 999 |
_c1218745 _d1218745 |
||